000
00379nam a2200133Ia 4500
008
151001s9999||||xx |||||||||||||| ||und||
100
_a
शर्मा गोपाल
245
_a
कानून सबूत मांगता है
250
_a
1
260
_b
पवन पॉकेट बुक्स
260
_c
1985
300
_a
206
365
_b
17
999
_c
965852
_d
965849